[Event "Turkey IS Bank Super League 2017"]
[Site "Darica-Kocaeli"]
[Date "2017.08.05"]
[Round "12"]
[White "Yassibag, Ipek Asli"]
[Black "Ayazmali, Gizem"]
[Result "1-0"]
[WhiteElo "1880"]
[BlackElo "1849"]
[Annotator "NA"]
[PlyCount "75"]
[EventType "team-tourn"]
[EventCountry "TUR"]
[SourceTitle "playchess.com"]
[Source "ChessBase"]
[SourceQuality "1"]

1. e4 e5 2. Nf3 Nc6 3. Bc4 g6 4. d3 Bg7 5. Nc3 h6 6. Be3 Na5 7. Bb3 Nxb3 8. axb3 a6 9. d4 Ne7 10. Nxe5 d6 11. Nf3 d5 12. Nxd5 Nxd5 13. exd5 Qxd5 14. c4 Qd6 15. O-O O-O 16. Qd2 g5 17. d5 c5 18. b4 cxb4 19. Ra5 Rd8 20. Bc5 Qg6 21. Bxb4 Bg4 22. Nd4 Rac8 23. b3 Bf5 24. Nxf5 Qxf5 25. d6 Qd7 26. c5 Re8 27. Ra2 Re4 28. Ba3 Rd4 29. Qa5 Rd3 30. Re2 Bf6 31. Qb4 Rd4 32. Qb6 Rc6 33. Qa7 Rd3 34. Bb2 Bd8 35. b4 a5 36. b5 Rc8 37. c6 Qxd6 38. cxb7 1-0

[Event "Turkey IS Bank Super League 2017"]
[Site "Darica-Kocaeli"]
[Date "2017.08.05"]
[Round "12"]
[White "Ayan, Bengu Sena"]
[Black "Kargaci, Humeyra"]
[Result "0-1"]
[WhiteElo "1862"]
[BlackElo "1737"]
[Annotator "NA"]
[PlyCount "104"]
[EventType "team-tourn"]
[EventCountry "TUR"]
[SourceTitle "playchess.com"]
[Source "ChessBase"]
[SourceQuality "1"]

1. d4 Nf6 2. c4 g6 3. f3 d5 4. cxd5 Nxd5 5. e4 Nb6 6. Nc3 Bg7 7. Be3 c6 8. Qd2 Be6 9. b3 N8d7 10. Nge2 h5 11. Nf4 Nf8 12. Rc1 Qd6 13. d5 Bd7 14. Bc4 Nxc4 15. bxc4 c5 16. Nd3 Rc8 17. O-O Nh7 18. e5 Bxe5 19. Nxe5 Qxe5 20. Rfe1 Qf5 21. Bxc5 O-O 22. Bxe7 Rfe8 23. c5 Nf6 24. Ne4 Rxe7 25. Nd6 Qxd5 26. Qxd5 Nxd5 27. Nxc8 Bxc8 28. Rxe7 Nxe7 29. Rd1 Nc6 30. a3 Kf8 31. Kf2 Ke7 32. Ke3 Bd7 33. Rb1 Nd8 34. Kd4 Ne6+ 35. Kc4 Bc6 36. Rd1 h4 37. Rf1 Ng5 38. f4 Ne4 39. Kd4 f5 40. Rg1 Kf6 41. g4 Nd2 42. g5+ Kf7 43. Ke3 Nc4+ 44. Kd4 Nxa3 45. Ke5 Nc4+ 46. Kd4 Nd2 47. Kc3 Ne4+ 48. Kb4 Nf2 49. Ra1 Nd3+ 50. Kc4 Nxf4 51. Rxa7 Ne6 52. Kb4 Nxg5 0-1

[Event "Turkey IS Bank Super League 2017"]
[Site "Darica-Kocaeli"]
[Date "2017.08.05"]
[Round "12"]
[White "Sade, Defne"]
[Black "Arda, Cagil Irmak"]
[Result "1/2-1/2"]
[WhiteElo "1654"]
[BlackElo "2080"]
[Annotator "NA"]
[PlyCount "140"]
[EventType "team-tourn"]
[EventCountry "TUR"]
[SourceTitle "playchess.com"]
[Source "ChessBase"]
[SourceQuality "1"]

1. e4 c5 2. Nf3 d6 3. Bb5+ Nd7 4. O-O a6 5. Bd3 Ngf6 6. Re1 e6 7. c3 Be7 8. Bf1 b6 9. d4 Bb7 10. Nbd2 O-O 11. Bd3 Qc7 12. Qe2 e5 13. d5 Nh5 14. c4 g6 15. Nf1 Bf6 16. g3 Rae8 17. h4 Bh8 18. Bh6 Bg7 19. Qd2 Ndf6 20. N1h2 Bc8 21. Qg5 Kh8 22. Qd2 Bxh6 23. Qxh6 Ng8 24. Qd2 h6 25. Qd1 Nhf6 26. Nd2 Nh7 27. h5 Qd8 28. Be2 Ng5 29. Bf1 f5 30. hxg6 Qf6 31. Nhf3 Nxe4 32. Nh4 Nxd2 33. Qxd2 Qg5 34. Qxg5 hxg5 35. Nf3 g4 36. Nh4 Kg7 37. Rab1 Bd7 38. b4 Rb8 39. Rb2 cxb4 40. Rxb4 Ne7 41. Reb1 b5 42. cxb5 Nxd5 43. R4b3 axb5 44. Bxb5 Bxb5 45. Rxb5 Rxb5 46. Rxb5 Ne7 47. a4 Kf6 48. Rb7 Ra8 49. g7 Rg8 50. a5 Rxg7 51. a6 Rg8 52. a7 Ra8 53. Ng2 Ke6 54. Ne3 d5 55. Rb6+ Kd7 56. Rb7+ Kd6 57. Rb6+ Kc5 58. Re6 Nc6 59. Nxf5 Rxa7 60. Rg6 Ra1+ 61. Kg2 d4 62. Rxg4 d3 63. Ne3 d2 64. Rc4+ Kd6 65. Re4 Re1 66. Nc4+ Kd5 67. Nxd2 Rxe4 68. Nxe4 Kxe4 69. f4 exf4 70. gxf4 Kxf4 1/2-1/2

[Event "Turkey IS Bank Super League 2017"]
[Site "Darica-Kocaeli"]
[Date "2017.08.08"]
[Round "13"]
[White "Najer, Evgeniy"]
[Black "Ali Marandi, Cemil Can"]
[Result "1-0"]
[WhiteElo "2706"]
[BlackElo "2526"]
[Annotator "TA"]
[PlyCount "117"]
[EventType "team-tourn"]
[EventCountry "TUR"]
[SourceTitle "playchess.com"]
[Source "ChessBase"]
[SourceQuality "1"]

1. d4 f5 2. Nf3 Nf6 3. Bg5 e6 4. Nbd2 Be7 5. Bxf6 Bxf6 6. e4 fxe4 7. Nxe4 O-O 8. Bd3 d5 9. Nxf6+ Qxf6 10. O-O c5 11. c3 cxd4 12. cxd4 Nc6 13. Bb5 Bd7 14. Bxc6 Bxc6 15. Re1 Be8 16. Qd2 Bh5 17. Ne5 Qf4 18. Re3 Rac8 19. Rd3 Qxd2 20. Rxd2 Rc7 21. f3 Rfc8 22. Kf2 Rc2 23. Ke3 Be8 24. h4 Kf8 25. g4 Ke7 26. Rg1 Bb5 27. h5 Rc1 28. Rxc1 Rxc1 29. Rg2 Re1+ 30. Kd2 Rh1 31. Kc3 a5 32. Rc2 Kd6 33. Kd2 Rh2+ 34. Kc1 Rh1+ 35. Kd2 Rh2+ 36. Kc3 Rh1 37. Rf2 Ba6 38. Kd2 Rb1 39. Kc2 Re1 40. Kd2 Rb1 41. Kc2 Re1 42. h6 gxh6 43. Rh2 b6 44. a3 Re2+ 45. Rxe2 Bxe2 46. Kd2 Bf1 47. Nf7+ Kc6 48. Nxh6 Kb5 49. Kc3 Bg2 50. f4 Bh3 51. Kd3 Ka4 52. f5 exf5 53. gxf5 Kb3 54. f6 Be6 55. Ke3 b5 56. Kf4 Kxb2 57. Ke5 b4 58. axb4 a4 59. b5 1-0

[Event "Turkey IS Bank Super League 2017"]
[Site "Darica-Kocaeli"]
[Date "2017.08.06"]
[Round "13"]
[White "Cheparinov, Ivan"]
[Black "Solak, Dragan"]
[Result "1/2-1/2"]
[WhiteElo "2703"]
[BlackElo "2624"]
[Annotator "TA"]
[PlyCount "69"]
[EventType "team-tourn"]
[EventCountry "TUR"]
[SourceTitle "playchess.com"]
[Source "ChessBase"]
[SourceQuality "1"]

1. e4 c6 2. d4 d5 3. e5 Bf5 4. h4 h5 5. Bd3 Bxd3 6. Qxd3 e6 7. Bg5 Be7 8. Nf3 Nh6 9. c4 dxc4 10. Qxc4 Nd7 11. Nc3 Nb6 12. Qb3 Nf5 13. Rd1 Rb8 14. Bxe7 Qxe7 15. g3 Nd5 16. O-O Qb4 17. Qc2 Qc4 18. Rd2 O-O 19. Rc1 Rfd8 20. Qd1 Nxc3 21. bxc3 c5 22. Ng5 g6 23. Ne4 b6 24. Nf6+ Kg7 25. dxc5 Rxd2 26. Qxd2 Qxc5 27. Rd1 Rh8 28. Qe1 Rc8 29. Kg2 Qxc3 30. Qxc3 Rxc3 31. Rd8 Ra3 32. Rg8+ Kh6 33. Ne8 Kh7 34. Nf6+ Kh6 35. Ne8 1/2-1/2

[Event "Turkey IS Bank Super League 2017"]
[Site "Darica-Kocaeli"]
[Date "2017.08.07"]
[Round "13"]
[White "Anton Guijarro, David"]
[Black "Swiercz, Dariusz"]
[Result "1/2-1/2"]
[WhiteElo "2654"]
[BlackElo "2638"]
[Annotator "TA"]
[PlyCount "67"]
[EventType "team-tourn"]
[EventCountry "TUR"]
[SourceTitle "playchess.com"]
[Source "ChessBase"]
[SourceQuality "1"]

1. Nf3 d5 2. g3 g6 3. Bg2 Bg7 4. d4 Nf6 5. O-O O-O 6. c3 Nbd7 7. a4 a5 8. Bf4 c6 9. Qc1 Re8 10. Re1 Ne4 11. Nbd2 Nxd2 12. Qxd2 Nf6 13. Ne5 Bf5 14. f3 Nd7 15. Nxd7 Bxd7 16. e4 dxe4 17. Rxe4 Bf5 18. Re2 e5 19. Rae1 f6 20. g4 Be6 21. dxe5 Qxd2 22. Rxd2 fxe5 23. Bxe5 Bxg4 24. fxg4 Rxe5 25. Rxe5 Bxe5 26. Rd7 Rb8 27. Bf1 Bf6 28. h3 b5 29. axb5 cxb5 30. Rd5 b4 31. Rxa5 bxc3 32. bxc3 Bxc3 33. Rb5 Rxb5 34. Bxb5 1/2-1/2

[Event "Turkey IS Bank Super League 2017"]
[Site "Darica-Kocaeli"]
[Date "2017.08.06"]
[Round "13"]
[White "Guseinov, Gadir"]
[Black "Salgado Lopez, Ivan"]
[Result "1/2-1/2"]
[WhiteElo "2654"]
[BlackElo "2622"]
[Annotator "TA"]
[PlyCount "60"]
[EventType "team-tourn"]
[EventCountry "TUR"]
[SourceTitle "playchess.com"]
[Source "ChessBase"]
[SourceQuality "1"]

1. e4 c6 2. d4 d5 3. Nc3 dxe4 4. Nxe4 Nd7 5. Nf3 Ngf6 6. Ng3 e6 7. Bd3 c5 8. O-O cxd4 9. Nxd4 Bc5 10. Nf3 Qc7 11. Qe2 O-O 12. Ne4 b6 13. Bg5 Bb7 14. Nxf6+ Nxf6 15. Bxf6 gxf6 16. Be4 Bxe4 17. Qxe4 Rad8 18. Rad1 Rxd1 19. Rxd1 Rd8 20. Rxd8+ Qxd8 21. Kf1 Qd1+ 22. Ne1 Qb1 23. Qf4 Qxb2 24. Qg3+ Kf8 25. Qb8+ Kg7 26. Qg3+ Kf8 27. Qb8+ Kg7 28. Qg3+ Kf8 29. Qb8+ Kg7 30. Qg3+ Kf8 1/2-1/2

[Event "Turkey IS Bank Super League 2017"]
[Site "Darica-Kocaeli"]
[Date "2017.08.06"]
[Round "13"]
[White "Kuzubov, Yuriy"]
[Black "Kravtsiv, Martyn"]
[Result "1/2-1/2"]
[WhiteElo "2646"]
[BlackElo "2657"]
[Annotator "TA"]
[PlyCount "60"]
[EventType "team-tourn"]
[EventCountry "TUR"]
[SourceTitle "playchess.com"]
[Source "ChessBase"]
[SourceQuality "1"]

1. e4 e5 2. Nf3 Nc6 3. d4 exd4 4. Nxd4 Nf6 5. Nc3 Bb4 6. Nxc6 bxc6 7. Bd3 O-O 8. O-O d5 9. exd5 cxd5 10. Bg5 c6 11. Qf3 Rb8 12. Ne2 Bg4 13. Bxf6 Bxf3 14. Bxd8 Bxe2 15. Bxe2 Rfxd8 16. Rfd1 Be7 17. Rab1 Bf6 18. b3 Kf8 19. c4 dxc4 20. Bxc4 Rxd1+ 21. Rxd1 Rd8 22. Rxd8+ Bxd8 23. f4 Ke7 24. Kf2 Bb6+ 25. Kf3 f5 26. h4 h5 27. g3 Ba5 28. Ke2 c5 29. a4 Kf6 30. Bd5 g6 1/2-1/2

[Event "Turkey IS Bank Super League 2017"]
[Site "Darica-Kocaeli"]
[Date "2017.08.06"]
[Round "13"]
[White "Safarli, Eltaj"]
[Black "Tukhaev, Adam"]
[Result "1/2-1/2"]
[WhiteElo "2641"]
[BlackElo "2558"]
[Annotator "TA"]
[PlyCount "78"]
[EventType "team-tourn"]
[EventCountry "TUR"]
[SourceTitle "playchess.com"]
[Source "ChessBase"]
[SourceQuality "1"]

1. e4 e5 2. Nf3 Nc6 3. Bb5 a6 4. Ba4 d6 5. O-O Nf6 6. Re1 Bd7 7. c3 g6 8. d4 Bg7 9. d5 Ne7 10. c4 O-O 11. Bxd7 Nxd7 12. Be3 h6 13. Nfd2 f5 14. f3 g5 15. Nc3 Qe8 16. b4 Qg6 17. c5 Nf6 18. exf5 Nxf5 19. Nde4 g4 20. Nxf6+ Rxf6 21. Ne4 gxf3 22. Nxf6+ Bxf6 23. Qxf3 e4 24. Qh3 Bxa1 25. Rxa1 h5 26. Rf1 Rf8 27. Bd2 Ne7 28. Rxf8+ Kxf8 29. cxd6 cxd6 30. Qc3 Qf5 31. h4 Nxd5 32. Qh8+ Kf7 33. Bg5 Nf4 34. Bxf4 Qxf4 35. Qxh5+ Kg7 36. Qd5 Qxh4 37. Qxd6 Qe1+ 38. Kh2 Qh4+ 39. Kg1 Qe1+ 1/2-1/2

[Event "Turkey IS Bank Super League 2017"]
[Site "Darica-Kocaeli"]
[Date "2017.08.06"]
[Round "13"]
[White "Mamedov, Nidjat"]
[Black "Korobov, Anton"]
[Result "1/2-1/2"]
[WhiteElo "2589"]
[BlackElo "2668"]
[Annotator "TA"]
[PlyCount "60"]
[EventType "team-tourn"]
[EventCountry "TUR"]
[SourceTitle "playchess.com"]
[Source "ChessBase"]
[SourceQuality "1"]

1. e4 c5 2. Nf3 d6 3. d4 cxd4 4. Nxd4 Nf6 5. Nc3 a6 6. Be3 e6 7. g4 h6 8. Bg2 Nc6 9. h3 Ne5 10. Qe2 g5 11. O-O-O Qc7 12. f4 gxf4 13. Bxf4 Bd7 14. Nf3 Rc8 15. Nxe5 dxe5 16. Bg3 b5 17. a3 b4 18. axb4 Bxb4 19. Rd3 Qa5 20. Kb1 Rxc3 21. bxc3 Bxc3 22. Rxc3 Qxc3 23. Qf3 Qc7 24. Qxf6 Qb6+ 25. Ka1 Qa5+ 26. Kb1 Qb6+ 27. Ka1 Qa5+ 28. Kb1 Qb6+ 29. Ka1 Qa5+ 30. Kb1 Qb6+ 1/2-1/2

[Event "Turkey IS Bank Super League 2017"]
[Site "Darica-Kocaeli"]
[Date "2017.08.06"]
[Round "13"]
[White "Pantsulaia, Levan"]
[Black "Haznedaroglu, Kivanc"]
[Result "1-0"]
[WhiteElo "2585"]
[BlackElo "2471"]
[Annotator "TA"]
[PlyCount "67"]
[EventType "team-tourn"]
[EventCountry "TUR"]
[SourceTitle "playchess.com"]
[Source "ChessBase"]
[SourceQuality "1"]

1. c4 e5 2. Nc3 Nc6 3. Nf3 Nf6 4. e4 d6 5. d4 Bg4 6. d5 Nd4 7. Be2 Nxe2 8. Qxe2 g6 9. h3 Bd7 10. g4 Bg7 11. Be3 c5 12. dxc6 Bxc6 13. Nd2 O-O 14. f3 a6 15. a4 Ne8 16. Nb3 Bh6 17. h4 Bxe3 18. Qxe3 Nc7 19. O-O-O Qe7 20. Kb1 Rac8 21. a5 Ne6 22. Rd2 f5 23. h5 fxg4 24. fxg4 g5 25. Rhd1 Rf4 26. Ka2 Rd8 27. Qe2 Qc7 28. c5 dxc5 29. Rxd8+ Nxd8 30. Qc4+ Nf7 31. Nd5 Qd6 32. Nxc5 Rxg4 33. Ne3 Bb5 34. Qc3 1-0

[Event "Turkey IS Bank Super League 2017"]
[Site "Darica-Kocaeli"]
[Date "2017.08.06"]
[Round "13"]
[White "Rozum, Ivan"]
[Black "Mamedov, Rauf"]
[Result "1/2-1/2"]
[WhiteElo "2573"]
[BlackElo "2680"]
[Annotator "TA"]
[PlyCount "88"]
[EventType "team-tourn"]
[EventCountry "TUR"]
[SourceTitle "playchess.com"]
[Source "ChessBase"]
[SourceQuality "1"]

1. d4 d5 2. c4 c6 3. Nf3 Nf6 4. e3 g6 5. Nc3 Bg7 6. Be2 O-O 7. O-O a6 8. b3 Bf5 9. Bb2 Ne4 10. Rc1 Re8 11. h3 h6 12. Ne5 Nd7 13. cxd5 Nxc3 14. Bxc3 cxd5 15. Nd3 Rc8 16. Qd2 Nf6 17. Qb2 Qb6 18. Qa3 Ne4 19. Ba5 Qb5 20. Nf4 Qd7 21. g4 g5 22. Nh5 Bg6 23. Nxg7 Kxg7 24. Rxc8 Rxc8 25. Rc1 Ng3 26. Bf3 Rxc1+ 27. Qxc1 Be4 28. Qc7 Qxc7 29. Bxc7 Bxf3 30. Bxg3 Kg6 31. Bc7 f5 32. gxf5+ Kxf5 33. Kh2 Ke4 34. a4 Bd1 35. a5 Kf3 36. Kg1 Bxb3 37. Bd8 e6 38. Bf6 Ba4 39. Bg7 h5 40. Bf6 g4 41. h4 Bc6 42. Be5 Bd7 43. Kf1 Bc8 44. Ke1 Bd7 1/2-1/2

[Event "Turkey IS Bank Super League 2017"]
[Site "Darica-Kocaeli"]
[Date "2017.08.06"]
[Round "13"]
[White "Sanal, Vahap"]
[Black "Samani, Yamac"]
[Result "1-0"]
[WhiteElo "2533"]
[BlackElo "2263"]
[Annotator "TA"]
[PlyCount "89"]
[EventType "team-tourn"]
[EventCountry "TUR"]
[SourceTitle "playchess.com"]
[Source "ChessBase"]
[SourceQuality "1"]

1. Nf3 d5 2. g3 Nf6 3. Bg2 c6 4. d3 Bf5 5. Nbd2 h6 6. O-O e6 7. b3 Be7 8. Bb2 O-O 9. c4 a5 10. a3 Nbd7 11. Re1 Bh7 12. Ra2 Re8 13. Ba1 Qb8 14. e4 dxe4 15. dxe4 e5 16. Nh4 Qc7 17. Bc3 Bf8 18. Qf3 Nc5 19. Nf5 Bxf5 20. Qxf5 Rad8 21. Bf1 Nfd7 22. h4 g6 23. Qf3 h5 24. Rb1 Bg7 25. b4 Ne6 26. c5 Nd4 27. Qe3 Kh7 28. Kg2 Bh6 29. Qe1 Nf8 30. Nc4 Nfe6 31. b5 cxb5 32. Nd6 Rxd6 33. cxd6 Qxd6 34. Bxa5 Qd7 35. Qd1 Qc6 36. Kh2 Qxe4 37. Bg2 Qf5 38. a4 e4 39. axb5 Nf3+ 40. Bxf3 exf3 41. Rb3 Nf4 42. Qxf3 b6 43. Bb4 Qh3+ 44. Kg1 Rc8 45. Bd2 1-0

[Event "Turkey IS Bank Super League 2017"]
[Site "Darica-Kocaeli"]
[Date "2017.08.06"]
[Round "13"]
[White "Esen, Baris"]
[Black "Soysal, Serkan"]
[Result "1/2-1/2"]
[WhiteElo "2528"]
[BlackElo "2367"]
[Annotator "TA"]
[PlyCount "60"]
[EventType "team-tourn"]
[EventCountry "TUR"]
[SourceTitle "playchess.com"]
[Source "ChessBase"]
[SourceQuality "1"]

1. d4 Nf6 2. c4 g6 3. Nc3 d5 4. Nf3 Bg7 5. e3 O-O 6. cxd5 Nxd5 7. Bc4 Nb6 8. Bb3 c5 9. O-O cxd4 10. exd4 Nc6 11. d5 Na5 12. Re1 Bg4 13. h3 Bxf3 14. Qxf3 Nxb3 15. axb3 Re8 16. Rd1 Nc8 17. Be3 a6 18. Bd4 Nd6 19. Bxg7 Kxg7 20. Qe3 Rc8 21. Re1 Qc7 22. Ra4 Qc5 23. Qf4 Rcd8 24. Re5 Qb6 25. Rb4 Qa5 26. Ra4 Qb6 27. Rb4 Qa5 28. Ra4 Qb6 29. Rb4 Qa5 30. Ra4 Qb6 1/2-1/2

[Event "Turkey IS Bank Super League 2017"]
[Site "Darica-Kocaeli"]
[Date "2017.08.07"]
[Round "13"]
[White "Benidze, Davit"]
[Black "Krasenkow, Michal"]
[Result "1/2-1/2"]
[WhiteElo "2515"]
[BlackElo "2630"]
[Annotator "TA"]
[PlyCount "29"]
[EventType "team-tourn"]
[EventCountry "TUR"]
[SourceTitle "playchess.com"]
[Source "ChessBase"]
[SourceQuality "1"]

1. Nf3 d5 2. g3 g6 3. Bg2 Bg7 4. O-O e5 5. d3 Ne7 6. e4 O-O 7. exd5 Nxd5 8. Re1 Nc6 9. Nbd2 h6 10. Nc4 Re8 11. c3 Bf5 12. Nh4 Be6 13. Nf3 Bf5 14. Nh4 Be6 15. Nf3 1/2-1/2

[Event "Turkey IS Bank Super League 2017"]
[Site "Darica-Kocaeli"]
[Date "2017.08.08"]
[Round "13"]
[White "Sadikhov, Ulvi"]
[Black "Mchedlishvili, Mikheil"]
[Result "1/2-1/2"]
[WhiteElo "2494"]
[BlackElo "2602"]
[Annotator "TA"]
[PlyCount "46"]
[EventType "team-tourn"]
[EventCountry "TUR"]
[SourceTitle "playchess.com"]
[Source "ChessBase"]
[SourceQuality "1"]

1. e4 c5 2. Nf3 e6 3. d4 cxd4 4. Nxd4 Nc6 5. Nc3 a6 6. Nxc6 bxc6 7. Bd3 d5 8. O-O Nf6 9. Re1 Bb7 10. e5 Nd7 11. Qg4 c5 12. b3 g6 13. Bf4 Qa5 14. Ne2 Bg7 15. Ng3 Kf8 16. h4 h5 17. Qf3 Qc7 18. Qe2 Qd8 19. Bg5 Qb6 20. Bf4 Qd8 21. Bg5 Qb6 22. Bf4 Qd8 23. Bg5 Qb6 1/2-1/2

[Event "Turkey IS Bank Super League 2017"]
[Site "Darica-Kocaeli"]
[Date "2017.08.07"]
[Round "13"]
[White "Batsiashvili, Nino"]
[Black "Uzumcu, Ahmet Utku"]
[Result "1-0"]
[WhiteElo "2475"]
[BlackElo "2223"]
[Annotator "TA"]
[PlyCount "95"]
[EventType "team-tourn"]
[EventCountry "TUR"]
[SourceTitle "playchess.com"]
[Source "ChessBase"]
[SourceQuality "1"]

1. d4 Nf6 2. c4 g6 3. Nc3 d5 4. cxd5 Nxd5 5. e4 Nxc3 6. bxc3 Bg7 7. Nf3 c5 8. Be3 Bg4 9. Rc1 Qa5 10. Qd2 O-O 11. Be2 cxd4 12. cxd4 Qxd2+ 13. Nxd2 Bxe2 14. Kxe2 Nc6 15. d5 Nd4+ 16. Kd3 Nb5 17. a4 Nd6 18. Rc7 Rfe8 19. Bc5 Rac8 20. Bxd6 exd6 21. Rhc1 Rcd8 22. Rxb7 Bh6 23. f3 f5 24. Rcc7 Bxd2 25. Kxd2 fxe4 26. Rg7+ Kh8 27. Rxh7+ Kg8 28. Rbg7+ Kf8 29. Rxa7 Kg8 30. Rhg7+ Kh8 31. f4 e3+ 32. Ke2 Rc8 33. Rgc7 Rb8 34. Rab7 Ra8 35. Re7 Rec8 36. Rh7+ Kg8 37. Rbg7+ Kf8 38. Rxg6 Rxa4 39. Rh8+ Kf7 40. Rxc8 Kxg6 41. Kxe3 Ra3+ 42. Ke4 Ra4+ 43. Kf3 Rd4 44. Rg8+ Kf6 45. Rg5 Rd2 46. h4 Rd3+ 47. Kg4 Rd2 48. g3 1-0

[Event "Turkey IS Bank Super League 2017"]
[Site "Darica-Kocaeli"]
[Date "2017.08.06"]
[Round "13"]
[White "Ushenina, Anna"]
[Black "Daulyte, Deimante"]
[Result "1-0"]
[WhiteElo "2458"]
[BlackElo "2419"]
[Annotator "TA"]
[PlyCount "59"]
[EventType "team-tourn"]
[EventCountry "TUR"]
[SourceTitle "playchess.com"]
[Source "ChessBase"]
[SourceQuality "1"]

1. d4 d5 2. c4 e6 3. Nc3 Bb4 4. a3 Bxc3+ 5. bxc3 Nf6 6. cxd5 exd5 7. e3 O-O 8. Bd3 Re8 9. f3 b6 10. Ne2 c5 11. O-O Ba6 12. Ng3 Bxd3 13. Qxd3 Nc6 14. Bb2 Qd7 15. e4 Rf8 16. Rae1 c4 17. Qc2 b5 18. e5 Ne8 19. f4 Nc7 20. f5 f6 21. e6 Qe8 22. Qd1 Kh8 23. Qg4 Ne7 24. Bc1 a5 25. Nh5 Rg8 26. Re3 Qf8 27. Rh3 Ne8 28. Nf4 h6 29. Ng6+ Nxg6 30. Qxg6 1-0

[Event "Turkey IS Bank Super League 2017"]
[Site "Darica-Kocaeli"]
[Date "2017.08.07"]
[Round "13"]
[White "Asadli, Vugar"]
[Black "Yurtseven, Melih"]
[Result "1-0"]
[WhiteElo "2457"]
[BlackElo "2353"]
[Annotator "TA"]
[PlyCount "103"]
[EventType "team-tourn"]
[EventCountry "TUR"]
[SourceTitle "playchess.com"]
[Source "ChessBase"]
[SourceQuality "1"]

1. e4 e6 2. d4 d5 3. Nd2 Nc6 4. Ngf3 Nf6 5. e5 Nd7 6. Be2 f6 7. exf6 Qxf6 8. Nf1 Bd6 9. Ne3 O-O 10. O-O Qg6 11. c4 Nf6 12. c5 Be7 13. Bb5 Bd7 14. Bxc6 Bxc6 15. Ne5 Qe8 16. a4 a5 17. Qc2 Ra6 18. b3 Qc8 19. f3 Be8 20. Bd2 Qb8 21. Rac1 Ra8 22. Rfe1 c6 23. Qc3 Bd8 24. N3g4 Bc7 25. h3 Qd8 26. Bg5 Qc8 27. Qe3 Bd8 28. Bxf6 Bxf6 29. Nxf6+ gxf6 30. Ng4 Bd7 31. Qf4 Qd8 32. Re3 Kh8 33. Rce1 Qe7 34. Qc7 Qd8 35. Qd6 Rc8 36. Nf2 Qe8 37. Nd3 Qf7 38. Nf4 Rce8 39. Nxe6 Rg8 40. Nf4 Rxe3 41. Rxe3 Bf5 42. Re7 Qf8 43. Rxb7 Qh6 44. Rf7 Bc2 45. Qxf6+ Qxf6 46. Rxf6 Rc8 47. Rf7 Bxb3 48. Ra7 Bxa4 49. Rxa5 Bb5 50. Nxd5 Rd8 51. Nc7 Bc4 52. Ra8 1-0

[Event "Turkey IS Bank Super League 2017"]
[Site "Darica-Kocaeli"]
[Date "2017.08.08"]
[Round "13"]
[White "Ozer, Omer Faruk"]
[Black "Gokerkan, Cem Kaan"]
[Result "0-1"]
[WhiteElo "2411"]
[BlackElo "2321"]
[Annotator "TA"]
[PlyCount "142"]
[EventType "team-tourn"]
[EventCountry "TUR"]
[SourceTitle "playchess.com"]
[Source "ChessBase"]
[SourceQuality "1"]

1. e4 c5 2. Nf3 d6 3. d4 cxd4 4. Nxd4 Nf6 5. Nc3 a6 6. Nb3 g6 7. Be2 Bg7 8. g4 Nc6 9. Be3 b5 10. f3 Bb7 11. Qd2 Rc8 12. O-O-O Ne5 13. Kb1 Qc7 14. a3 Nc4 15. Bxc4 Qxc4 16. e5 Bxf3 17. exf6 Bxf6 18. Bd4 Bxd4 19. Nxd4 Bxh1 20. Rxh1 Rc5 21. Nd1 Re5 22. Ne3 Qc5 23. c3 a5 24. Rf1 O-O 25. h4 Rb8 26. Nec2 Qd5 27. Qf2 f6 28. Ka1 Qe4 29. g5 Rf8 30. h5 Rxg5 31. Re1 Qg2 32. Qe3 Re5 33. Rg1 Rxe3 34. Rxg2 Re5 35. hxg6 hxg6 36. Rxg6+ Kf7 37. Rg2 Rc8 38. Ka2 Rcc5 39. a4 bxa4 40. Ka3 Rg5 41. Rh2 e5 42. Nf3 Rg4 43. Nd2 d5 44. Ne3 Rf4 45. Rh7+ Ke6 46. Rh3 Rc8 47. Ka2 Rf2 48. Nb1 Rb8 49. Nd1 Rc2 50. Rd3 f5 51. Nd2 Rc1 52. Ne3 Rb5 53. c4 dxc4 54. Ndxc4 f4 55. Rd6+ Kf7 56. Rd7+ Kf8 57. Rd1 Rxd1 58. Nxd1 Rc5 59. Nb6 Rc1 60. Nf2 Ke7 61. Nd3 Rc6 62. Nxa4 Kf6 63. Nc3 Kf5 64. Nf2 Rc4 65. Kb3 Rb4+ 66. Kc2 e4 67. b3 Rd4 68. Ncd1 Rd8 69. Nc3 e3 70. Nd3 Rc8 71. b4 f3 0-1

[Event "Turkey IS Bank Super League 2017"]
[Site "Darica-Kocaeli"]
[Date "2017.08.08"]
[Round "13"]
[White "Arat, Ufuk Sezen"]
[Black "Yaran, Siar"]
[Result "1-0"]
[WhiteElo "2400"]
[BlackElo "2253"]
[Annotator "TA"]
[PlyCount "107"]
[EventType "team-tourn"]
[EventCountry "TUR"]
[SourceTitle "playchess.com"]
[Source "ChessBase"]
[SourceQuality "1"]

1. d4 Nf6 2. c4 e6 3. g3 d5 4. Bg2 Be7 5. Nf3 O-O 6. Nbd2 b6 7. cxd5 exd5 8. O-O Bb7 9. b3 a6 10. Ne5 Re8 11. Bb2 Ra7 12. Rc1 Ba8 13. Re1 Bf8 14. Qc2 Qd6 15. e4 Qe6 16. exd5 Bxd5 17. Nd3 Qd7 18. Nf3 Rxe1+ 19. Rxe1 Nc6 20. Nfe5 Nxe5 21. dxe5 Ne8 22. Bxd5 Qxd5 23. Nf4 Qa5 24. Rd1 c5 25. Rd8 Re7 26. Nd5 Re6 27. a4 b5 28. Rd7 Qe1+ 29. Kg2 Rxe5 30. Bxe5 Qxe5 31. axb5 axb5 32. Qd3 Nd6 33. Ne3 g6 34. Qd5 Qxd5+ 35. Nxd5 Kg7 36. Rc7 Nf5 37. Rb7 Nd4 38. b4 cxb4 39. Nc7 h5 40. Nxb5 Nxb5 41. Rxb5 Bd6 42. Kf3 f5 43. Ke3 h4 44. Kd4 hxg3 45. hxg3 Kf7 46. Kd5 Be7 47. f4 Bf6 48. Rxb4 Bc3 49. Rb7+ Kg8 50. Ke6 Bd4 51. Rd7 Bc3 52. Rd3 Bb2 53. g4 fxg4 54. Rg3 1-0

[Event "Turkey IS Bank Super League 2017"]
[Site "Darica-Kocaeli"]
[Date "2017.08.06"]
[Round "13"]
[White "Karavade, Eesha"]
[Black "Ozturk, Kubra"]
[Result "1/2-1/2"]
[WhiteElo "2397"]
[BlackElo "2298"]
[Annotator "NA"]
[PlyCount "66"]
[EventType "team-tourn"]
[EventCountry "TUR"]
[SourceTitle "playchess.com"]
[Source "ChessBase"]
[SourceQuality "1"]

1. e4 e5 2. Nc3 Nf6 3. Bc4 Nxe4 4. Qh5 Nd6 5. Qxe5+ Qe7 6. Qxe7+ Bxe7 7. Bb3 O-O 8. Nf3 Nf5 9. O-O c6 10. Re1 d5 11. Ne2 Nh4 12. Nxh4 Bxh4 13. d4 Bf5 14. Ng3 Bg6 15. Bf4 Nd7 16. Re2 Rfe8 17. Rae1 Rxe2 18. Rxe2 Nf8 19. c3 Ne6 20. Bc1 Bd3 21. Re3 Bg5 22. Re1 Bxc1 23. Rxc1 Nf4 24. Re1 Kf8 25. Bd1 Re8 26. Rxe8+ Kxe8 27. Nh5 Ne6 28. f3 g6 29. Nf6+ Ke7 30. Ng4 Bb1 31. a3 Nf4 32. Nf2 Kd6 33. g3 Nd3 1/2-1/2

[Event "Turkey IS Bank Super League 2017"]
[Site "Darica-Kocaeli"]
[Date "2017.08.06"]
[Round "13"]
[White "Nomin-Erdene, Davaademberel"]
[Black "Osmak, Iulija"]
[Result "0-1"]
[WhiteElo "2373"]
[BlackElo "2353"]
[Annotator "NA"]
[PlyCount "90"]
[EventType "team-tourn"]
[EventCountry "TUR"]
[SourceTitle "playchess.com"]
[Source "ChessBase"]
[SourceQuality "1"]

1. e4 e6 2. d4 d5 3. Nc3 Nf6 4. Bg5 Bb4 5. e5 h6 6. Be3 Ne4 7. Qg4 g6 8. a3 Bxc3+ 9. bxc3 c5 10. Bd3 h5 11. Qf3 Nxc3 12. dxc5 d4 13. Bd2 Nc6 14. Bxc3 dxc3 15. Qe3 Qd4 16. Qxd4 Nxd4 17. O-O-O Nc6 18. f4 g5 19. g3 Bd7 20. Ne2 gxf4 21. gxf4 Ne7 22. Nxc3 Bc6 23. Be4 Rd8 24. Bxc6+ bxc6 25. Ne4 Rxd1+ 26. Rxd1 Nd5 27. c4 Nxf4 28. Nf6+ Kf8 29. Rd8+ Kg7 30. Rd6 h4 31. Nd7 Rc8 32. Kd2 Kg6 33. Ke3 Kf5 34. Rd4 Ng2+ 35. Kf3 h3 36. a4 Rc7 37. Kg3 Rb7 38. Rd2 Rb3+ 39. Kf2 Ne3 40. Ke1 Ng4 41. Kd1 Rb1+ 42. Kc2 Rh1 43. Nb8 Rxh2 44. Rxh2 Nxh2 45. Nxc6 Nf3 0-1